[Event "102nd YMCA Winter B"]
[Site "Warszawa"]
[Date "2012.02.23"]
[Round "8"]
[White "Pettersson, Alexander"]
[Black "Szukalski, Antoni"]
[Result "1-0"]
[WhiteElo "1948"]
[BlackElo "1858"]
[PlyCount "95"]
[EventDate "2012.01.03"]
[EventType "tourn"]
[EventRounds "1"]
[EventCountry "POL"]
[SourceDate "2012.01.03"]

1. d4 d5 2. Nf3 Nf6 3. e3 Bf5 4. c4 c6 5. cxd5 cxd5 6. Qb3 Qc7 7. Nc3 e6 8. Bd2
a6 9. Rc1 Nc6 10. Be2 Bd6 11. O-O O-O 12. Na4 Ne4 13. h3 Nxd2 14. Nxd2 g5 15.
Nc5 Bxc5 16. Rxc5 Qd7 17. Rfc1 Rfc8 18. Qb6 Rab8 19. a3 Qd8 20. Qxd8+ Rxd8 21.
b4 Ne7 22. Nb3 Rdc8 23. Rc7 Kf8 24. Na5 b6 25. Rxc8+ Rxc8 26. Rxc8+ Nxc8 27.
Bxa6 Nd6 28. Nb3 Bc2 29. Na1 Ba4 30. Bd3 Ke7 31. Kf1 f5 32. Ke1 h5 33. Kd2 Kd7
34. Nc2 Kc6 35. g3 Bb3 36. Ne1 Nf7 37. Nf3 g4 38. hxg4 hxg4 39. Ne5+ Nxe5 40.
dxe5 Ba4 41. Kc3 Bd1 42. Ba6 Kc7 43. Bb5 Bf3 44. Kd4 Bd1 45. a4 Bb3 46. a5 bxa5
47. bxa5 Ba2 48. Kc5 1-0

[Event "102nd YMCA Winter B"]
[Site "Warszawa"]
[Date "2012.02.21"]
[Round "8"]
[White "Sujkowski, Pawel"]
[Black "Szymczak, Rafal"]
[Result "1/2-1/2"]
[WhiteElo "2014"]
[BlackElo "2038"]
[Annotator "M"]
[PlyCount "43"]
[EventDate "2012.01.03"]
[EventType "tourn"]
[EventRounds "1"]
[EventCountry "POL"]
[SourceDate "2012.01.03"]

1. d4 Nf6 2. c4 c5 3. Nf3 cxd4 4. Nxd4 Nc6 5. g3 d6 6. Bg2 Bd7 7. O-O g6 $11 8.
b3 Nxd4 9. Qxd4 Bc6 10. Bb2 Bxg2 11. Kxg2 Bg7 12. Nc3 O-O 13. Rfd1 Ne8 14. Qd2
b6 15. Nd5 Bxb2 16. Qxb2 Nc7 17. Qd4 Nxd5 18. Qxd5 Rc8 $11 19. Qg5 Rc5 20. Rd5
e6 21. Qxd8 Rxd8 22. Rd2 $11 1/2-1/2

[Event "102nd YMCA Winter B"]
[Site "Warszawa"]
[Date "2012.02.23"]
[Round "8"]
[White "Safanowski, Tomasz"]
[Black "Milczarek, Robert"]
[Result "1-0"]
[WhiteElo "1933"]
[BlackElo "1864"]
[PlyCount "69"]
[EventDate "2012.01.03"]
[EventType "tourn"]
[EventRounds "1"]
[EventCountry "POL"]
[SourceDate "2012.01.03"]

1. f4 d5 2. Nf3 g6 3. e3 Bg7 4. d3 c6 5. Be2 Bg4 6. O-O Qb6 7. Ne5 Bxe2 8. Qxe2
Nh6 9. Kh1 O-O 10. c4 Qc7 11. e4 dxe4 12. dxe4 Nd7 13. Nxd7 Qxd7 14. Rd1 Qg4
15. Qd3 f5 16. e5 Nf7 17. Nc3 Rad8 18. Qf1 g5 19. g3 gxf4 20. gxf4 Kh8 21. Be3
Bh6 22. Qf2 b6 23. e6 Ne5 24. fxe5 f4 25. Bd2 Rd3 26. Rg1 Qxe6 27. Rae1 Qxc4
28. Ne4 Qd5 29. e6 Bg7 30. Rxg7 Kxg7 31. Rg1+ Kh8 32. Qg2 Rg3 33. Bc3+ Kg8 34.
Qxg3+ fxg3 35. Rxg3+ 1-0

[Event "102nd YMCA Winter B"]
[Site "Warszawa"]
[Date "2012.01.20"]
[Round "8"]
[White "Harazinska, Ewa"]
[Black "Rusin, Ryszard"]
[Result "0-1"]
[WhiteElo "1900"]
[BlackElo "1897"]
[PlyCount "82"]
[EventDate "2012.01.03"]
[EventType "tourn"]
[EventRounds "1"]
[EventCountry "POL"]
[SourceDate "2012.01.03"]

1. d4 d5 2. c4 e6 3. Nc3 Be7 4. cxd5 exd5 5. Qc2 Nc6 6. Nf3 g6 7. a3 Nf6 8. Bf4
a6 9. e3 O-O 10. Bd3 Re8 11. O-O Nh5 12. Bh6 Be6 13. b4 Rc8 14. Ne2 Bg4 15. Nd2
Bxe2 16. Bxe2 Bd6 17. Nf3 Nf6 18. Bg5 Re6 19. Bd3 Qd7 20. Nd2 h6 21. Bxf6 Rxf6
22. Nb3 Re8 23. Nc5 Qc8 24. Kh1 Kg7 25. Rac1 h5 26. Nxb7 Bxh2 27. Nc5 Bd6 28.
Qd1 Nxd4 29. Bxa6 Qg4 30. Qxd4 Re4 31. Qxf6+ Kxf6 32. Nxe4+ dxe4 33. f4 g5 34.
Bb7 Qh4+ 35. Kg1 gxf4 36. exf4 Qg3 37. Rf2 Qxa3 38. Rd1 Qxb4 39. Rxd6+ cxd6 40.
Bd5 Qd4 41. Ba2 e3 0-1

[Event "102nd YMCA Winter B"]
[Site "Warszawa"]
[Date "2012.03.07"]
[Round "8"]
[White "Suliborski, Jakub"]
[Black "Kubeczko, Grzegorz"]
[Result "1/2-1/2"]
[WhiteElo "1987"]
[BlackElo "2017"]
[Annotator "M"]
[PlyCount "99"]
[EventDate "2012.01.03"]
[EventType "tourn"]
[EventRounds "1"]
[EventCountry "POL"]
[SourceDate "2012.01.03"]

1. e4 c6 2. d4 d5 3. f3 dxe4 4. fxe4 e5 5. Nf3 Bg4 6. Bc4 Nd7 7. O-O Ngf6 8. c3
Bd6 9. Qb3 O-O 10. Bg5 Bxf3 11. Rxf3 Qb6 12. Nd2 h6 13. Be3 Qxb3 14. Bxb3 Ng4
15. Raf1 Nxe3 16. Rxe3 c5 17. Ref3 cxd4 18. Rxf7 Rxf7 19. Rxf7 Nc5 20. Bd5 dxc3
21. bxc3 Kh7 22. Nc4 Rd8 23. Nxd6 Rxd6 24. Rc7 Na4 25. c4 Rb6 26. Rxb7 Rxb7 27.
Bxb7 Kg6 28. Kf2 Kf6 29. Kf3 Nc5 30. Bd5 a5 31. h4 Ke7 32. Kg4 Kf6 33. Kh5 Nd3
34. g3 Nb4 35. c5 g6+ 36. Kg4 Na6 37. c6 Nc7 38. Kf3 Ke7 39. Bc4 Kf6 40. Bb3
Ke7 41. Bd5 Nb5 42. a4 Nc7 43. Bb3 Na6 44. Kg4 Kf6 45. h5 g5 46. Bc4 Nc7 47.
Kf3 Ke7 48. Bd5 Ne8 49. Kg4 Kf6 50. Kf3 $11 1/2-1/2

[Event "102nd YMCA Winter B"]
[Site "Warszawa"]
[Date "2012.01.12"]
[Round "8"]
[White "Winiarski , Mikolaj"]
[Black "Szefer, Michal"]
[Result "0-1"]
[WhiteElo "1873"]
[BlackElo "2016"]
[PlyCount "62"]
[EventDate "2012.01.03"]
[EventType "tourn"]
[EventRounds "1"]
[EventCountry "POL"]
[SourceDate "2012.01.03"]

1. e4 c5 2. Nf3 d6 3. d4 Nf6 4. Nc3 cxd4 5. Nxd4 a6 6. Be2 e6 7. O-O Be7 8. a4
Nbd7 9. f4 Qc7 10. a5 Nc5 11. Bf3 e5 12. Nf5 Bxf5 13. exf5 e4 14. Be2 Qc6 15.
g4 d5 16. g5 O-O-O 17. Be3 d4 18. Bxd4 Nb3 19. cxb3 Rxd4 20. Qe1 Nd5 21. Rc1
Kb8 22. Nxe4 Qd7 23. Rc4 Ne3 24. Bf3 Nxc4 25. bxc4 Re8 26. Qb1 Qxf5 27. Nc3
Qxb1 28. Rxb1 Rxf4 29. Bd5 Bxg5 30. b4 Bf6 31. Na4 Re2 0-1

[Event "102nd YMCA Winter B"]
[Site "Warszawa"]
[Date "2012.01.13"]
[Round "9"]
[White "Szefer, Michal"]
[Black "Pettersson, Alexander"]
[Result "1-0"]
[WhiteElo "2016"]
[BlackElo "1948"]
[PlyCount "63"]
[EventDate "2012.01.03"]
[EventType "tourn"]
[EventRounds "1"]
[EventCountry "POL"]
[SourceDate "2012.01.03"]

1. e4 c6 2. d4 d5 3. e5 Bf5 4. Nf3 e6 5. Be2 Ne7 6. O-O c5 7. c4 Nbc6 8. dxc5
d4 9. Bd3 Bxd3 10. Qxd3 Ng6 11. Re1 Bxc5 12. a3 a5 13. Nbd2 O-O 14. Ne4 Be7 15.
Neg5 Qc7 16. Qe4 Rfd8 17. Bf4 Rd7 18. Rad1 Rad8 19. Rd3 Qb6 20. b3 Bxa3 21.
Nxh7 Nb4 22. Nfg5 Nxd3 23. Qxd3 Nxf4 24. Nf6+ gxf6 25. Qh7+ Kf8 26. exf6 Ke8
27. g3 Qb4 28. Kf1 Qf8 29. gxf4 Rd6 30. f5 Bb4 31. fxe6 Rxe6 32. Nxe6 1-0

[Event "102nd YMCA Winter B"]
[Site "Warszawa"]
[Date "2012.03.01"]
[Round "9"]
[White "Kubeczko, Grzegorz"]
[Black "Winiarski , Mikolaj"]
[Result "0-1"]
[WhiteElo "2017"]
[BlackElo "1873"]
[PlyCount "92"]
[EventDate "2012.01.03"]
[EventType "tourn"]
[EventRounds "1"]
[EventCountry "POL"]
[SourceDate "2012.01.03"]

1. c4 e5 2. g3 Nc6 3. Nc3 g6 4. Bg2 Bg7 5. e4 d6 6. d3 f5 7. Nge2 Nf6 8. O-O
O-O 9. Nd5 h6 10. Be3 g5 11. exf5 Bxf5 12. Nxf6+ Qxf6 13. Qd2 Qg6 14. Rad1 Rab8
15. Nc3 Ne7 16. Bxa7 Ra8 17. Be3 c6 18. d4 Bc2 19. d5 c5 20. b3 Bxd1 21. Qxd1
g4 22. Be4 Nf5 23. Bb1 Rf7 24. Qd3 Bh8 25. a4 Raf8 26. Nb5 h5 27. Qd2 Rh7 28.
Bg5 Bf6 29. Bxf6 Rxf6 30. Qd3 Rhf7 31. Nc3 Qh6 32. Ne4 Rg6 33. f4 gxf3 34. Rxf3
Qc1+ 35. Rf1 Qe3+ 36. Qxe3 Nxe3 37. Re1 Nf5 38. Rf1 Nd4 39. Rxf7 Kxf7 40. Nd2
Rf6 41. Be4 Ke7 42. Kg2 Kd7 43. Bf3 Nxf3 44. Nxf3 e4 45. Ng5 e3 46. Nf3 e2 0-1

[Event "102nd YMCA Winter B"]
[Site "Warszawa"]
[Date "2012.02.24"]
[Round "9"]
[White "Rusin, Ryszard"]
[Black "Suliborski, Jakub"]
[Result "1-0"]
[WhiteElo "1897"]
[BlackElo "1987"]
[Annotator "M"]
[PlyCount "129"]
[EventDate "2012.01.03"]
[EventType "tourn"]
[EventRounds "1"]
[EventCountry "POL"]
[SourceDate "2012.01.03"]

1. d4 e6 2. Nf3 d5 3. c4 c6 4. cxd5 exd5 5. Nc3 Nf6 6. Bf4 Bd6 7. Bxd6 Qxd6 8.
e3 O-O 9. Bd3 Re8 10. Qc2 Nbd7 11. O-O Nf8 12. Ne5 a6 13. Na4 b5 14. Nb6 Rb8
15. Nxc8 Rbxc8 16. Bf5 Ne6 17. Nd3 Nd7 18. Nc5 g6 19. Bxe6 fxe6 20. Nxa6 e5 21.
Nc5 Nf6 22. g3 e4 23. a4 h5 24. axb5 cxb5 25. Qe2 Rc6 26. Ra5 Nh7 27. h4 Rf8
28. Rfa1 Nf6 29. Ra7 Ng4 30. Rd7 Qb8 31. Raa7 Nf6 32. Rdb7 Qc8 33. Qxb5 Qg4 34.
Qf1 Ne8 35. Nd7 Rf3 36. Qg2 Rc1+ 37. Kh2 Rc2 38. Ra8 Qe6 39. Rxe8+ Qxe8 40.
Qxf3 exf3 41. Nf6+ Kf8 42. Nxe8 Kxe8 $11 43. g4 Rxf2+ 44. Kg3 Rg2+ 45. Kxf3
Rxg4 46. Rb5 Rxh4 47. Rxd5 Rh2 48. b4 Rb2 49. b5 Ke7 50. Rc5 Kd7 51. Rg5 Ke7
52. Rxg6 Rxb5 53. Kf4 Rb1 54. Ra6 Rh1 55. e4 h4 56. Ke5 Kf7 57. d5 Kg7 58. Rf6
h3 59. Rf3 h2 60. Rf2 Kg8 61. d6 Kg7 62. Rd2 Re1 63. Rxh2 Kf7 64. Rh7+ Ke8 65.
Kf5 1-0

[Event "102nd YMCA Winter B"]
[Site "Warszawa"]
[Date "2012.02.29"]
[Round "9"]
[White "Milczarek, Robert"]
[Black "Harazinska, Ewa"]
[Result "1/2-1/2"]
[WhiteElo "1864"]
[BlackElo "1900"]
[PlyCount "109"]
[EventDate "2012.01.03"]
[EventType "tourn"]
[EventRounds "1"]
[EventCountry "POL"]
[SourceDate "2012.01.03"]

1. d4 Nf6 2. c4 e6 3. Nf3 b6 4. a3 Ba6 5. Qc2 Bb7 6. Nc3 c5 7. e4 cxd4 8. Nxd4
d6 9. Be2 Be7 10. Be3 Nc6 11. O-O O-O 12. Rfd1 Qb8 13. f3 Rd8 14. Nxc6 Bxc6 15.
Rac1 Qb7 16. b4 Rac8 17. Qb1 Kh8 18. Bf4 Nh5 19. Be3 Nf6 20. Bf4 Nh5 21. Be3 g5
22. Bd4+ e5 23. Be3 Rg8 24. Kf2 g4 25. b5 Bd7 26. Nd5 Be6 27. g3 gxf3 28. Bxf3
Bg4 29. Qd3 Bxf3 30. Kxf3 Rcd8 31. Rf1 Bg5 32. Qd2 Bxe3 33. Qxe3 f5 34. Ke2
fxe4 35. Qh6 Ng7 36. Nf6 Ne6 37. Nxg8 Nd4+ 38. Ke3 Rxg8 39. Rf8 Qe7 40. Qf6+
Qxf6 41. Rxf6 Kg7 42. Rcf1 Rc8 43. Rxd6 Rxc4 44. Rd7+ Kg6 45. Rxa7 Nxb5 46. Ra6
Nc3 47. Rxb6+ Kg5 48. Rb7 Rd4 49. h4+ Kg4 50. Rg7+ Kh3 51. Rc1 Rd3+ 52. Kf2 e3+
53. Ke1 e2 54. Rxc3 Rxc3 55. Kxe2 1/2-1/2

[Event "102nd YMCA Winter B"]
[Site "Warszawa"]
[Date "2012.02.29"]
[Round "9"]
[White "Szymczak, Rafal"]
[Black "Safanowski, Tomasz"]
[Result "1-0"]
[WhiteElo "2038"]
[BlackElo "1933"]
[PlyCount "63"]
[EventDate "2012.01.03"]
[EventType "tourn"]
[EventRounds "1"]
[EventCountry "POL"]
[SourceDate "2012.01.03"]

1. f4 d5 2. Nf3 Nf6 3. g3 b6 4. Bg2 Bb7 5. O-O Nbd7 6. b3 e6 7. Bb2 Bd6 8. Ne5
Qe7 9. e3 a6 10. c4 O-O 11. g4 Rab8 12. g5 Ne8 13. Nxd7 Qxd7 14. Nc3 c6 15. Qg4
g6 16. cxd5 cxd5 17. Nxd5 Bxd5 18. Bxd5 Bb4 19. Bg2 Qxd2 20. Bd4 Bc5 21. Rfd1
Bxd4 22. Rxd2 Bxe3+ 23. Rf2 Ng7 24. Qe2 Bxf2+ 25. Kxf2 a5 26. Rd1 Nf5 27. Be4
Rfd8 28. Bxf5 exf5 29. Rxd8+ Rxd8 30. a4 Rd6 31. Qe8+ Kg7 32. Qe5+ 1-0

[Event "102nd YMCA Winter B"]
[Site "Warszawa"]
[Date "2012.03.01"]
[Round "9"]
[White "Szukalski, Antoni"]
[Black "Pastuszko, Kinga"]
[Result "1-0"]
[WhiteElo "1858"]
[BlackElo "1912"]
[PlyCount "95"]
[EventDate "2012.01.03"]
[EventType "tourn"]
[EventRounds "1"]
[EventCountry "POL"]
[SourceDate "2012.01.03"]

1. d4 d5 2. c4 e6 3. Nc3 Nf6 4. Bg5 Be7 5. e3 O-O 6. Nf3 b6 7. Bxf6 Bxf6 8.
cxd5 exd5 9. Be2 Be6 10. O-O c5 11. Rc1 Nd7 12. Ba6 Qe7 13. Bb7 Rad8 14. Bxd5
cxd4 15. exd4 Nb8 16. Qb3 Rd6 17. Rfe1 Bxd5 18. Nxd5 Qd8 19. Nxf6+ Qxf6 20. Qa4
Nc6 21. d5 Ne7 22. Qxa7 Nxd5 23. b3 Nf4 24. Qe7 Qxe7 25. Rxe7 Ne6 26. h3 Ra8
27. Rc2 Kf8 28. Rb7 Ke8 29. g3 Rd1+ 30. Kg2 Rd6 31. Ne5 f6 32. Nc4 Rd1 33. Rxb6
Nd4 34. Rb2 Ra1 35. a4 Kf7 36. Rd2 Nf5 37. Nd6+ Nxd6 38. Rdxd6 Rc8 39. Rb7+ Kg6
40. Rdd7 Rc2 41. Rxg7+ Kf5 42. Rg4 Raa2 43. Rf4+ Ke5 44. Rb5+ Ke6 45. Rb6+ Ke5
46. Rfxf6 Rcb2 47. Rf4 Kd5 48. Rb5+ 1-0

[Event "102nd YMCA Winter B"]
[Site "Warszawa"]
[Date "2012.02.28"]
[Round "10"]
[White "Pettersson, Alexander"]
[Black "Pastuszko, Kinga"]
[Result "1/2-1/2"]
[WhiteElo "1948"]
[BlackElo "1912"]
[Annotator "M"]
[PlyCount "73"]
[EventDate "2012.01.03"]
[EventType "tourn"]
[EventRounds "1"]
[EventCountry "POL"]
[SourceDate "2012.01.03"]

1. d4 Nf6 2. Nf3 g6 3. Nc3 d5 4. Bf4 Bg7 5. e3 O-O 6. Be2 c5 7. O-O cxd4 8.
exd4 Nc6 9. Ne5 Qb6 10. Nxc6 bxc6 11. Na4 Qa5 12. c3 Nd7 13. b4 Qd8 14. Nc5
Nxc5 15. bxc5 Qa5 16. Qd2 f6 17. Rfe1 e5 18. Be3 Be6 19. Reb1 Rab8 20. Qc2 Bf5
21. Bd3 Bxd3 22. Qxd3 Rxb1+ 23. Rxb1 Qxa2 24. h4 e4 25. Qd1 Qc4 26. Qg4 f5 27.
Qg3 Qxc3 28. Qc7 Rf7 29. Qc8+ Rf8 30. Qe6+ Kh8 31. Rb7 f4 32. Qe7 Rg8 33. Bxf4
Qxd4 34. Rxa7 Qf6 35. Qxf6 Bxf6 36. Rc7 d4 37. Rxc6 $11 1/2-1/2

[Event "102nd YMCA Winter B"]
[Site "Warszawa"]
[Date "2012.03.06"]
[Round "10"]
[White "Sujkowski, Pawel"]
[Black "Szukalski, Antoni"]
[Result "1/2-1/2"]
[WhiteElo "2014"]
[BlackElo "1858"]
[Annotator "M"]
[PlyCount "58"]
[EventDate "2012.01.03"]
[EventType "tourn"]
[EventRounds "1"]
[EventCountry "POL"]
[SourceDate "2012.01.03"]

1. d4 d5 2. Nf3 Nf6 3. c4 e6 4. Nc3 Be7 5. cxd5 exd5 6. Bg5 Nbd7 7. e3 O-O 8.
Bd3 Re8 9. O-O c6 10. Qc2 Nf8 11. Rab1 Ng6 12. b4 a6 13. a4 b5 14. Rfc1 Bd6 15.
Ne2 Bd7 16. a5 Qe7 17. Qd2 Qe6 18. Bxf6 Qxf6 19. Ng3 Rac8 20. Qc2 Nf8 21. Nf5
Bb8 22. Ng3 g6 23. Nf1 Qe7 24. Rb2 Bd6 25. Qb1 h6 26. Ng3 Kg7 27. Ne1 Nh7 28.
Nf3 Nf6 29. Nd2 Kh7 $11 1/2-1/2

[Event "102nd YMCA Winter B"]
[Site "Warszawa"]
[Date "2012.03.07"]
[Round "10"]
[White "Harazinska, Ewa"]
[Black "Szymczak, Rafal"]
[Result "1/2-1/2"]
[WhiteElo "1900"]
[BlackElo "2038"]
[Annotator "M"]
[PlyCount "28"]
[EventDate "2012.01.03"]
[EventType "tourn"]
[EventRounds "1"]
[EventCountry "POL"]
[SourceDate "2012.01.03"]

1. d4 Nf6 2. c4 c5 3. d5 b5 4. Qc2 bxc4 5. e4 d6 6. Bxc4 g6 7. Nf3 Bg7 8. O-O
O-O 9. Nc3 Ba6 10. Bxa6 Nxa6 11. Bg5 Rb8 12. Rfe1 Nd7 13. Bf4 Qc7 14. Qe2 c4
$11 1/2-1/2

[Event "102nd YMCA Winter B"]
[Site "Warszawa"]
[Date "2012.03.09"]
[Round "10"]
[White "Suliborski, Jakub"]
[Black "Milczarek, Robert"]
[Result "1-0"]
[WhiteElo "1987"]
[BlackElo "1864"]
[PlyCount "63"]
[EventDate "2012.01.03"]
[EventType "tourn"]
[EventRounds "1"]
[EventCountry "POL"]
[SourceDate "2012.01.03"]

1. e4 c5 2. Nf3 d6 3. d4 cxd4 4. Nxd4 Nf6 5. Nc3 a6 6. Rg1 e6 7. g4 Be7 8. Be3
Qc7 9. Qd2 Nc6 10. O-O-O O-O 11. g5 Nd7 12. f4 Nxd4 13. Bxd4 b5 14. a3 Bb7 15.
f5 Rfe8 16. g6 fxg6 17. fxg6 h6 18. Bh3 Nc5 19. Bxc5 Qxc5 20. Bxe6+ Kh8 21. Bf7
Rec8 22. Nd5 Bxd5 23. Bxd5 Rab8 24. Kb1 Bf6 25. Rg3 b4 26. Rh3 Bg5 27. Qxg5
Qxc2+ 28. Ka2 b3+ 29. Bxb3 Qxb3+ 30. Rxb3 hxg5 31. Rxb8 Rxb8 32. Rxd6 1-0

[Event "102nd YMCA Winter B"]
[Site "Warszawa"]
[Date "2012.03.08"]
[Round "10"]
[White "Winiarski , Mikolaj"]
[Black "Rusin, Ryszard"]
[Result "1-0"]
[WhiteElo "1873"]
[BlackElo "1897"]
[PlyCount "55"]
[EventDate "2012.01.03"]
[EventType "tourn"]
[EventRounds "1"]
[EventCountry "POL"]
[SourceDate "2012.01.03"]

1. d4 d6 2. c4 Nf6 3. Nc3 g6 4. e4 Bg7 5. f3 O-O 6. Be3 c6 7. Nge2 a5 8. Qd2
Na6 9. h4 h5 10. O-O-O Bd7 11. Bh6 b5 12. Bxg7 Kxg7 13. e5 Ng8 14. Nf4 bxc4 15.
Bxc4 d5 16. Bd3 Nb4 17. Nxh5+ Kh8 18. Nf4 Nxd3+ 19. Nxd3 Rb8 20. Nc5 Kg7 21. h5
Bc8 22. Rh2 e6 23. Rdh1 g5 24. h6+ Kh7 25. Rh5 f6 26. exf6 Rxf6 27. Rxg5 Qd6
28. Rxg8 1-0

[Event "102nd YMCA Winter B"]
[Site "Warszawa"]
[Date "2012.03.09"]
[Round "10"]
[White "Szefer, Michal"]
[Black "Kubeczko, Grzegorz"]
[Result "0-1"]
[WhiteElo "2016"]
[BlackElo "2017"]
[PlyCount "98"]
[EventDate "2012.01.03"]
[EventType "tourn"]
[EventRounds "1"]
[EventCountry "POL"]
[SourceDate "2012.01.03"]

1. g3 d5 2. Bg2 c6 3. f4 g6 4. Nf3 Bg7 5. d3 Qb6 6. Nc3 Nd7 7. d4 Nh6 8. O-O
Nf5 9. e3 h5 10. Qe1 Nf6 11. Ne5 Nd6 12. a4 a5 13. Rb1 h4 14. gxh4 Bf5 15. Nd3
Nfe4 16. Nxe4 Nxe4 17. b4 Bf6 18. Bd2 Bxh4 19. Qc1 Nxd2 20. Qxd2 axb4 21. Rxb4
Qa5 22. c3 Kf8 23. Rd1 Kg7 24. Qe2 Rh7 25. e4 dxe4 26. Bxe4 Bf6 27. Ne5 Be6 28.
Rf1 Rah8 29. Rf2 Bh3 30. Qc4 e6 31. Rxb7 Rf8 32. Qb4 Qd8 33. Nxc6 Qa8 34. Ne5
Qd8 35. Rd7 Qc8 36. Bb7 Qb8 37. Nc6 Qe8 38. Rc7 e5 39. fxe5 Bh4 40. Rf3 Qe6 41.
Bc8 Rxc8 42. Rfxf7+ Kg8 43. Rxc8+ Qxc8 44. e6 Rxf7 45. exf7+ Kxf7 46. Ne5+ Kg7
47. d5 Qf5 48. Qb7+ Kh6 49. Qf7 Bf2+ 0-1

[Event "102nd YMCA Winter B"]
[Site "Warszawa"]
[Date "2012.03.15"]
[Round "11"]
[White "Kubeczko, Grzegorz"]
[Black "Pettersson, Alexander"]
[Result "1-0"]
[WhiteElo "2017"]
[BlackElo "1948"]
[Annotator "M"]
[PlyCount "111"]
[EventDate "2012.01.03"]
[EventType "tourn"]
[EventRounds "1"]
[EventCountry "POL"]
[SourceDate "2012.01.03"]

1. Nf3 Nf6 2. c4 b6 3. g3 c5 4. Bg2 Bb7 5. Nc3 g6 6. b3 Bg7 7. Bb2 O-O 8. O-O
d6 9. d4 cxd4 10. Nxd4 Bxg2 11. Kxg2 Qd7 12. e4 Nc6 13. Nxc6 Qxc6 14. f3 Qb7
15. Qe2 a6 16. Rfe1 Rfd8 17. Rad1 Rac8 18. Rd2 Ne8 19. Nd5 Bxb2 20. Rxb2 b5 21.
cxb5 axb5 22. Rc2 e6 23. Ne3 Rxc2 24. Qxc2 Rc8 25. Qb2 Qa7 26. Re2 Rc6 27. Kf2
Nc7 28. Rc2 Rxc2+ 29. Qxc2 d5 30. Ke2 d4 31. Ng4 h5 32. Nf6+ Kg7 33. e5 Nd5 34.
Nxd5 exd5 35. a4 bxa4 36. bxa4 Qa6+ 37. Kd2 Qf1 38. Qd3 Qa1 39. Qb3 Qg1 40.
Qxd5 Qe3+ 41. Kd1 Qd3+ 42. Ke1 Qc3+ 43. Kd1 d3 44. Qa2 Qxe5 45. a5 Qe3 46. Qd2
Qxf3+ 47. Kc1 Qc6+ 48. Kb2 Qb5+ 49. Kc1 Qc4+ 50. Kb1 f6 51. Kb2 Qb5+ 52. Kc1 g5
53. Qc3 h4 54. gxh4 gxh4 55. Kd2 h3 56. Qc7+ $138 1-0

[Event "102nd YMCA Winter B"]
[Site "Warszawa"]
[Date "2012.03.27"]
[Round "11"]
[White "Milczarek, Robert"]
[Black "Winiarski , Mikolaj"]
[Result "0-1"]
[WhiteElo "1864"]
[BlackElo "1873"]
[PlyCount "60"]
[EventDate "2012.01.03"]
[EventType "tourn"]
[EventRounds "1"]
[EventCountry "POL"]
[SourceDate "2012.01.03"]

1. d4 Nf6 2. c4 e6 3. Nc3 Bb4 4. e3 b6 5. Nf3 Bb7 6. Bd3 O-O 7. O-O Bxc3 8.
bxc3 Ne4 9. Qc2 f5 10. a4 c5 11. a5 bxa5 12. Rd1 Na6 13. d5 exd5 14. cxd5 Re8
15. Ba3 d6 16. Bxa6 Bxa6 17. c4 Rb8 18. Ra2 Bc8 19. Rda1 Bd7 20. Ne1 Qh4 21.
Nd3 Rb6 22. Bc1 a4 23. Nf4 Rb3 24. g3 Qe7 25. Ne6 Ng5 26. Nxg5 Qxg5 27. Qd2 Qg4
28. Bb2 f4 29. Rxa4 f3 30. Kh1 Qh3 0-1

[Event "102nd YMCA Winter B"]
[Site "Warszawa"]
[Date "2012.03.28"]
[Round "11"]
[White "Szymczak, Rafal"]
[Black "Suliborski, Jakub"]
[Result "1-0"]
[WhiteElo "2038"]
[BlackElo "1987"]
[PlyCount "71"]
[EventDate "2012.01.03"]
[EventType "tourn"]
[EventRounds "1"]
[EventCountry "POL"]
[SourceDate "2012.01.03"]

1. f4 d5 2. Nf3 Nc6 3. g3 h5 4. d3 Bg4 5. Bg2 Nh6 6. c3 Qd7 7. e4 h4 8. gxh4
O-O-O 9. Qe2 g6 10. Na3 e5 11. fxe5 dxe4 12. dxe4 Bxa3 13. bxa3 Qe7 14. Bf4 f5
15. O-O Nf7 16. exf5 gxf5 17. e6 Nd6 18. Bg5 Qg7 19. Bxd8 Rxd8 20. Qe3 Ne4 21.
Ng5 Rd2 22. Bxe4 Re2 23. Qxe2 Bxe2 24. Rxf5 Qxc3 25. Rb1 Kd8 26. Bxc6 Qxc6 27.
Re1 Qb6+ 28. Kg2 Qc6+ 29. Kg3 Qc3+ 30. Kf2 Bh5 31. e7+ Kd7 32. Ne4 Qc2+ 33. Kg1
Bg6 34. Nc5+ Kc6 35. Re6+ Kb5 36. Rxg6 1-0

[Event "102nd YMCA Winter B"]
[Site "Warszawa"]
[Date "2012.03.15"]
[Round "11"]
[White "Szukalski, Antoni"]
[Black "Safanowski, Tomasz"]
[Result "0-1"]
[WhiteElo "1858"]
[BlackElo "1933"]
[PlyCount "124"]
[EventDate "2012.01.03"]
[EventType "tourn"]
[EventRounds "1"]
[EventCountry "POL"]
[SourceDate "2012.01.03"]

1. e4 d6 2. d4 Nf6 3. Bd3 e5 4. c3 d5 5. dxe5 Nxe4 6. Bxe4 dxe4 7. Qxd8+ Kxd8
8. Bf4 Bf5 9. Ne2 Bc5 10. Ng3 Bg6 11. Nd2 e3 12. Bxe3 Bxe3 13. fxe3 Re8 14. Nf3
Nd7 15. Rd1 Kc8 16. O-O Nxe5 17. Nxe5 Rxe5 18. Kf2 c6 19. Rd6 Kc7 20. Rfd1 Rae8
21. Nf1 R8e7 22. R1d2 Ra5 23. a3 Be4 24. R6d4 c5 25. Rd8 c4 26. R8d4 Rf5+ 27.
Kg1 Bd3 28. Rf2 Rfe5 29. e4 Rxe4 30. Rxe4 Bxe4 31. Re2 Kd6 32. Nd2 Bd3 33. Rxe7
Kxe7 34. Kf2 Kd6 35. Ke3 Kc5 36. Nf3 f6 37. Nd4 Kd5 38. g3 Ke5 39. Kf3 f5 40.
h4 h6 41. Ke3 g5 42. hxg5 hxg5 43. Kf3 a6 44. Ke3 f4+ 45. gxf4+ gxf4+ 46. Kf3
Be4+ 47. Ke2 Bd5 48. Kd2 Bf7 49. Nf3+ Kf5 50. Nd4+ Ke4 51. Ke2 f3+ 52. Kf2 Bh5
53. Ne6 Kd3 54. Nf4+ Kc2 55. Nxh5 Kxb2 56. Kxf3 Kxa3 57. Ke3 Kb3 58. Kd4 a5 59.
Ng3 a4 60. Ne4 b5 61. Nc5+ Kb2 62. Na6 a3 0-1

[Event "102nd YMCA Winter B"]
[Site "Warszawa"]
[Date "2012.02.15"]
[Round "11"]
[White "Pastuszko, Kinga"]
[Black "Sujkowski, Pawel"]
[Result "1-0"]
[WhiteElo "1912"]
[BlackElo "2014"]
[PlyCount "91"]
[EventDate "2012.01.03"]
[EventType "tourn"]
[EventRounds "1"]
[EventCountry "POL"]
[SourceDate "2012.01.03"]

1. e4 c6 2. d4 d5 3. exd5 cxd5 4. Bd3 Nc6 5. c3 Nf6 6. h3 Qc7 7. Nf3 g6 8. O-O
Bf5 9. Bxf5 gxf5 10. Qe2 e6 11. Ne5 Nxe5 12. dxe5 Ne4 13. Nd2 Nxd2 14. Bxd2 Be7
15. Kh1 O-O-O 16. b4 Rhg8 17. a4 Qc4 18. Qxc4+ dxc4 19. Be3 b6 20. a5 Kb7 21.
axb6 axb6 22. Bd4 Ra8 23. Kh2 Rgd8 24. Rxa8 Rxa8 25. g4 f4 26. Kg2 Rd8 27. Rb1
h5 28. Kf3 hxg4+ 29. hxg4 Bg5 30. Rh1 Rf8 31. Rh5 f6 32. exf6 Bxf6 33. Bxf6
Rxf6 34. g5 Rf8 35. g6 Kc6 36. g7 Rg8 37. Rg5 e5 38. Ke4 Kb5 39. Kxe5 Ka4 40.
Kxf4 Kb3 41. Rg3 b5 42. Ke4 Rxg7 43. Rxg7 Kxc3 44. Rg3+ Kxb4 45. Kd4 Ka4 46. f4
1-0

[Event "102nd YMCA Winter B"]
[Site "Warszawa"]
[Date "2012.02.17"]
[Round "12"]
[White "Safanowski, Tomasz"]
[Black "Pastuszko, Kinga"]
[Result "1/2-1/2"]
[WhiteElo "1933"]
[BlackElo "1912"]
[Annotator "M"]
[PlyCount "53"]
[EventDate "2012.01.03"]
[EventType "tourn"]
[EventRounds "1"]
[EventCountry "POL"]
[SourceDate "2012.01.03"]

1. f4 d5 2. Nf3 c6 3. e3 Bg4 4. Be2 Nf6 5. b3 e6 6. Bb2 Nbd7 7. O-O Bd6 8. d3
O-O 9. Nbd2 Qc7 10. Nh4 Bxe2 11. Qxe2 Rae8 12. Rf3 e5 13. f5 e4 14. Rh3 Ne5 15.
Bxe5 Bxe5 16. d4 Bd6 17. g4 h6 18. Kh1 Nh7 19. f6 Nxf6 20. Nf5 Re6 21. g5 hxg5
22. Rg1 g4 23. Rxg4 Nxg4 24. Qxg4 Rg6 25. Qh5 Rh6 26. Nxh6+ gxh6 27. Qg4+ $11
1/2-1/2